|
|
|
|
| LEADER |
00000nab a2200000uu 4500 |
| 001 |
vtls010906866 |
| 003 |
SK-MaSNL |
| 005 |
20260303142517.0 |
| 008 |
230222|1963 xo |||||||||||||||||slo| |
| 015 |
|
|
|a SNBRB
|
| 035 |
|
|
|a (urnnbn)urn:nbn:sk:snk:ar-a07wze
|
| 035 |
|
|
|a (uuid)f8a8b89b-674c-42bb-b5d1-c12088ee49f3
|
| 035 |
|
|
|a urn:nbn:sk:snk-ab8x47
|
| 040 |
|
|
|a SNKBUCL
|b slo
|c SNKBUCL
|e AACR2
|
| 041 |
0 |
|
|a slo
|
| 044 |
|
|
|a xo
|c SK
|
| 100 |
1 |
|
|a Šalát, Tibor,
|d 1926-2005
|4 aut
|9 212670
|
| 245 |
1 |
0 |
|a Poznámky ku kritériám iracionálnosti reálnych čísel
|c T. Šalát
|
| 773 |
0 |
|
|t Acta Facultatis rerum naturalium Universitatis Comenianae
|g Roč. 7, č. 12 (1963), s. 649-662
|
| 954 |
|
|
|a odborná, vedecká literatúra pôvodná (slovenská)
|2 lita
|
| 958 |
|
|
|a OND
|
| 958 |
|
|
|a EUIPO
|
| 958 |
|
|
|a article10
|
| 999 |
|
|
|c 1983539
|d 1985469
|